000
00324nam a22001457a 4500
008
211012b ||||| |||| 00| 0 eng d
020
_a
9781464163500
041
_a
eng
080
_2
2nd
_a
159.9
082
_a
159.9
100
_a
48
101
_a
PSI
245
_a
Introducing Psychology
_c
Schacter,D.L
942
_2
udc
_c
BK
999
_c
58162
_d
58162